[Event "Angers op 13th"]
[Site "Angers"]
[Date "2018.05.13"]
[Round "6"]
[White "Rabouan, Jean Francois"]
[Black "De la Fontaine, Christophe"]
[Result "1/2-1/2"]
[WhiteElo "1909"]
[BlackElo "2017"]
[PlyCount "112"]
[EventDate "2018.05.11"]
[EventType "swiss"]
[EventRounds "6"]
[EventCountry "FRA"]
[SourceTitle "CBM 184 Extra"]
[Source "ChessBase"]
[SourceDate "2018.06.28"]
[SourceVersion "1"]
[SourceVersionDate "2018.06.28"]
[SourceQuality "1"]

1. e4 d6 2. d4 Nf6 3. Nc3 Nbd7 4. Nf3 e5 5. Bc4 Be7 6. 0-0 0-0 7. Qe2 c6 8. a4 Qc7 9. h3 b6 10. Be3 Bb7 11. Rfd1 a6 12. Qd3 b5 13. axb5 cxb5 14. Bd5 Nxd5 15. Nxd5 Bxd5 16. exd5 Bf6 17. Rac1 Rfe8 18. Qb3 Rac8 19. Qa3 a5 20. Bg5 e4 21. Bxf6 Nxf6 22. Nd2 Nxd5 23. c4 Nf4 24. Qe3 Nd3 25. Rc2 f5 26. Qg5 Qf7 27. b3 h6 28. Qh4 a4 29. bxa4 bxc4 30. Nf1 c3 31. Rb1 Qc4 32. Ne3 Qxa4 33. Rb7 Rf8 34. Qe7 Qxd4 35. Nxf5 Rxf5 36. Qe6+ Rf7 37. Rxf7 Qe5 38. Qxc8+ Kxf7 39. Qxc3 Qxc3 40. Rxc3 Nc5 41. Kf1 Ne6 42. Ra3 d5 43. Ke2 d4 44. g3 Kf6 45. Ra5 Ng5 46. Ra6+ Kf5 47. Ra5+ Kf6 48. Ra6+ Ke5 49. Ra5+ Ke6 50. Ra6+ Kf5 51. Ra5+ Kf6 52. Ra6+ Kf5 53. Ra5+ Kg6 54. Ra6+ Kf5 55. Ra5+ Kg6 56. Ra6+ Kf5 1/2-1/2

[Event "Angers op 13th"]
[Site "Angers"]
[Date "2018.05.12"]
[Round "4"]
[White "Andre, Philippe"]
[Black "De la Fontaine, Christophe"]
[Result "1/2-1/2"]
[WhiteElo "1793"]
[BlackElo "2017"]
[PlyCount "94"]
[EventDate "2018.05.11"]
[EventType "swiss"]
[EventRounds "6"]
[EventCountry "FRA"]
[SourceTitle "CBM 184 Extra"]
[Source "ChessBase"]
[SourceDate "2018.06.28"]
[SourceVersion "1"]
[SourceVersionDate "2018.06.28"]
[SourceQuality "1"]

1. e4 e5 2. Bc4 Nf6 3. d4 Nc6 4. Nf3 exd4 5. 0-0 d6 6. Nxd4 Be7 7. Re1 Ne5 8. Bf1 0-0 9. h3 Re8 10. Nc3 Bf8 11. Bg5 h6 12. Bh4 Ng6 13. Bg3 Bd7 14. Qd2 Nh5 15. Bh2 Be7 16. Rad1 Bf6 17. Nd5 Bxd4 18. Qxd4 Bc6 19. g4 Ne5 20. Bg2 Nf6 21. f4 Ned7 22. e5 Nxd5 23. Bxd5 dxe5 24. fxe5 Bxd5 25. Qxd5 Nb6 26. Qxb7 Qh4 27. Qf3 Rad8 28. Rf1 Rf8 29. Kg2 Qe7 30. Rxd8 Rxd8 31. Rd1 Rxd1 32. Qxd1 Qc5 33. Qd8+ Kh7 34. Qd3+ Kg8 35. Qd8+ Kh7 36. Qd3+ g6 37. Qe4 Nd5 38. Bg1 Qc6 39. Kf3 Qa6 40. Qxd5 Qf1+ 41. Ke4 Qg2+ 42. Kd4 Qxg1+ 43. Kc4 Qf1+ 44. Qd3 Qf4+ 45. Qd4 Qf1+ 46. Qd3 Qf4+ 47. Qd4 Qf1+ 1/2-1/2

[Event "Avoine op 28th"]
[Site "Avoine"]
[Date "2013.07.26"]
[Round "7"]
[White "Loiret, Stanislas"]
[Black "De la Fontaine, Christophe"]
[Result "1-0"]
[WhiteElo "2237"]
[BlackElo "2062"]
[PlyCount "80"]
[EventDate "2013.07.20"]
[EventType "swiss"]
[EventRounds "9"]
[EventCountry "FRA"]
[SourceTitle "CBM 155 Extra"]
[Source "ChessBase"]
[SourceDate "2013.08.26"]
[SourceVersion "1"]
[SourceVersionDate "2013.08.26"]
[SourceQuality "1"]

1. Nf3 Nf6 2. c4 g6 3. d4 Bg7 4. Nc3 d6 5. Bf4 0-0 6. e3 b6 7. h3 Bb7 8. Be2 Nbd7 9. Bh2 c5 10. d5 Ne8 11. 0-0 Ne5 12. Nd2 Nc7 13. f4 Nd7 14. e4 f5 15. Bd3 e6 16. Re1 exd5 17. exd5 Qf6 18. Nf3 b5 19. cxb5 Nb6 20. a4 Kh8 21. Bg3 Nbxd5 22. Rc1 Rae8 23. Bh4 Rxe1+ 24. Qxe1 Qe6 25. Qxe6 Nxe6 26. Nxd5 Bxd5 27. Be7 Rc8 28. Bc4 Bxc4 29. Rxc4 d5 30. Rc2 Nd4 31. Nxd4 Bxd4+ 32. Kf1 Be3 33. Ke2 Re8 34. Kxe3 Rxe7+ 35. Kd3 Re4 36. a5 Rd4+ 37. Ke3 Re4+ 38. Kf3 c4 39. Re2 Rd4 40. b6 axb6 1-0

[Event "Avoine op 27th"]
[Site "Avoine"]
[Date "2012.07.27"]
[Round "7"]
[White "Jouhaneau, Jacques"]
[Black "De la Fontaine, Christophe"]
[Result "0-1"]
[WhiteElo "1794"]
[BlackElo "2035"]
[PlyCount "98"]
[EventDate "2012.07.21"]
[EventType "swiss"]
[EventRounds "9"]
[EventCountry "FRA"]
[SourceTitle "CBM 149 Extra"]
[Source "ChessBase"]
[SourceDate "2012.08.24"]
[SourceVersion "1"]
[SourceVersionDate "2012.08.24"]
[SourceQuality "1"]

1. c4 c5 2. Nc3 Nc6 3. Nf3 Nf6 4. g3 g6 5. Bg2 Bg7 6. d3 0-0 7. 0-0 d5 8. cxd5 Nxd5 9. Nxd5 Qxd5 10. a3 Qd6 11. Rb1 Rd8 12. Qc2 Bg4 13. h3 Bxf3 14. exf3 Qxd3 15. Qxd3 Rxd3 16. Be3 Bd4 17. Rfe1 Bxe3 18. fxe3 Rad8 19. f4 R8d6 20. Re2 b6 21. Kf2 c4 22. Rc1 Na5 23. Rcc2 Rb3 24. g4 b5 25. Be4 e6 26. Rcd2 Rxd2 27. Rxd2 c3 28. bxc3 Nc4 29. Rd7 Rxa3 30. Rd8+ Kg7 31. Bc6 a6 32. Bb7 a5 33. Bc6 Rxc3 34. Bxb5 Nxe3 35. Ra8 Nd5 36. Rxa5 Rc5 37. f5 exf5 38. gxf5 Nc7 39. f6+ Kxf6 40. Ra6+ Nxa6 41. Bxa6 Kg5 42. Be2 Rc2 43. Kf3 Kh4 44. Bf1 f5 45. Bg2 Kg5 46. Bf1 Rc3+ 47. Kg2 Kf4 48. Bb5 Rc2+ 49. Kg1 Kg3 0-1

[Event "Avoine op 27th"]
[Site "Avoine"]
[Date "2012.07.25"]
[Round "5"]
[White "Naudion, Gregoire"]
[Black "De la Fontaine, Christophe"]
[Result "1-0"]
[WhiteElo "2175"]
[BlackElo "2035"]
[PlyCount "59"]
[EventDate "2012.07.21"]
[EventType "swiss"]
[EventRounds "9"]
[EventCountry "FRA"]
[SourceTitle "CBM 149 Extra"]
[Source "ChessBase"]
[SourceDate "2012.08.24"]
[SourceVersion "1"]
[SourceVersionDate "2012.08.24"]
[SourceQuality "1"]

1. e4 c5 2. Nf3 d6 3. d4 cxd4 4. Nxd4 Nf6 5. Nc3 a6 6. Be2 e5 7. Nb3 h6 8. 0-0 Be6 9. Be3 Be7 10. Qd2 d5 11. exd5 Nxd5 12. Nc5 Nxe3 13. Qxe3 Qb6 14. Nxe6 Qxe6 15. Bf3 Nc6 16. Bd5 Qf5 17. Rfe1 0-0 18. Bxc6 bxc6 19. Qxe5 Qxe5 20. Rxe5 Bf6 21. Rc5 Rab8 22. b3 Rfd8 23. Re1 Rbc8 24. g3 Bd4 25. Rc4 c5 26. Na4 g6 27. Kg2 Kg7 28. Rd1 Re8 29. Kf3 Re5 30. Rdxd4 1-0

[Event "Avoine op 24th"]
[Site "Avoine"]
[Date "2009.07.25"]
[Round "8"]
[White "Rabineau, Clement"]
[Black "De la Fontaine, Christophe"]
[Result "1-0"]
[WhiteElo "2263"]
[BlackElo "2010"]
[PlyCount "75"]
[EventDate "2009.07.18"]
[EventType "swiss"]
[EventRounds "9"]
[EventCountry "FRA"]
[SourceTitle "CBM 131 Extra"]
[Source "ChessBase"]
[SourceDate "2009.09.03"]
[SourceVersion "2"]
[SourceVersionDate "2009.09.16"]
[SourceQuality "1"]

1. e4 e6 2. d3 c5 3. Nf3 Nc6 4. g3 d6 5. Bg2 Nf6 6. 0-0 Be7 7. Re1 0-0 8. c3 Qc7 9. Nbd2 b6 10. Nf1 Ba6 11. Bf4 Ne5 12. c4 Rfd8 13. Qc2 Rac8 14. h3 Bb7 15. Rad1 Nfd7 16. N1h2 Bf6 17. b3 h5 18. Qe2 g6 19. Ng5 Nc6 20. Nhf3 Nde5 21. Bc1 Qe7 22. Kh2 Re8 23. Nxe5 Bxg5 24. Nxc6 Bxc6 25. f4 Bh6 26. Qf2 Bg7 27. Be3 Qb7 28. Bc1 Rcd8 29. Bb2 Bxb2 30. Qxb2 d5 31. Qe5 d4 32. g4 hxg4 33. hxg4 f5 34. gxf5 gxf5 35. Bh3 Qh7 36. Qf6 Qf7 37. Rg1+ Kf8 38. Qh6+ 1-0

[Event "FRA-ch op-B"]
[Site "Pau"]
[Date "2008.08.17"]
[Round "6"]
[White "Feryn, Benjamin"]
[Black "De la Fontaine, Christophe"]
[Result "0-1"]
[WhiteElo "1918"]
[BlackElo "1995"]
[PlyCount "94"]
[EventDate "2008.08.11"]
[EventType "swiss"]
[EventRounds "11"]
[EventCountry "FRA"]
[SourceTitle "CBM 126 Extra"]
[Source "ChessBase"]
[SourceDate "2008.11.05"]
[SourceVersion "1"]
[SourceVersionDate "2008.11.05"]
[SourceQuality "1"]

1. e4 c5 2. Nf3 Nc6 3. d4 cxd4 4. Nxd4 e6 5. Nc3 d6 6. Be2 Be7 7. Be3 Nf6 8. 0-0 0-0 9. Kh1 Nxd4 10. Qxd4 b6 11. f4 Bb7 12. Bf3 Rc8 13. Rf2 Qc7 14. a4 d5 15. Nb5 Qb8 16. e5 Ne4 17. Bxe4 dxe4 18. Nd6 Bxd6 19. Qxd6 Rfd8 20. Qxb8 Rxb8 21. h3 Bc6 22. b3 a6 23. Kh2 Rd7 24. c3 Rd3 25. Bd4 h6 26. b4 Kf8 27. a5 b5 28. Raf1 g6 29. g4 Ke7 30. f5 gxf5 31. gxf5 exf5 32. Rxf5 Bd5 33. Bc5+ Kd7 34. Rxf7+ Bxf7 35. Rxf7+ Ke6 36. Rf6+ Kxe5 37. Rxa6 Re8 38. Rxh6 e3 39. a6 Rxc3 40. a7 Rxc5 41. bxc5 e2 42. Rh7 Kf6 43. Rh6+ Kf5 44. Rh5+ Kf4 45. Rh4+ Kf3 46. Rh7 e1Q 47. Rf7+ Ke3 0-1

[Event "Avoine op 22nd"]
[Site "Avoine"]
[Date "2007.07.28"]
[Round "8"]
[White "De la Fontaine, Christophe"]
[Black "Harich, Ralph"]
[Result "1/2-1/2"]
[WhiteElo "1985"]
[BlackElo "2217"]
[PlyCount "92"]
[EventDate "2007.07.21"]
[EventType "swiss"]
[EventRounds "9"]
[EventCountry "FRA"]
[SourceTitle "EXT 2010"]
[Source "ChessBase"]
[SourceDate "2010.11.25"]
[SourceVersion "1"]
[SourceVersionDate "2010.11.25"]
[SourceQuality "1"]

1. b3 Nf6 2. Bb2 g6 3. Nf3 Bg7 4. e3 c5 5. Be2 0-0 6. 0-0 Nc6 7. d4 cxd4 8. Nxd4 d5 9. Nd2 Re8 10. N2f3 Bg4 11. h3 Bxf3 12. Bxf3 Qb6 13. Rc1 Rad8 14. Nxc6 bxc6 15. Be5 c5 16. Qe2 Qe6 17. Bxf6 Qxf6 18. Rfd1 e6 19. Qa6 Qe7 20. Qa5 Rc8 21. e4 d4 22. Be2 Red8 23. Bd3 Be5 24. g3 h5 25. Kg2 h4 26. Qd2 hxg3 27. fxg3 Kg7 28. Rf1 Rh8 29. Rf3 Rh6 30. Rcf1 f6 31. a4 Rch8 32. Rh1 g5 33. Rff1 Bc7 34. Qe2 Qd6 35. Qg4 Qe5 36. Bc4 Re8 37. Rf2 Kf8 38. Bb5 Re7 39. Bc4 Ke8 40. Rff1 Kd7 41. Bb5+ Kc8 42. Bc4 Kb8 43. Re1 Re8 44. Re2 Re7 45. Ree1 Re8 46. Re2 Re7 1/2-1/2

[Event "Avoine op 22nd"]
[Site "Avoine"]
[Date "2007.07.24"]
[Round "4"]
[White "De la Fontaine, Christophe"]
[Black "Guibert, Florent"]
[Result "1-0"]
[WhiteElo "1985"]
[BlackElo "1863"]
[PlyCount "39"]
[EventDate "2007.07.21"]
[EventType "swiss"]
[EventRounds "9"]
[EventCountry "FRA"]
[SourceTitle "EXT 2010"]
[Source "ChessBase"]
[SourceDate "2010.11.25"]
[SourceVersion "1"]
[SourceVersionDate "2010.11.25"]
[SourceQuality "1"]

1. d4 Nf6 2. g3 e6 3. Bg2 d5 4. c4 Bb4+ 5. Bd2 Be7 6. Nf3 0-0 7. 0-0 c5 8. dxc5 Bxc5 9. Qc2 Nbd7 10. Nc3 Nb6 11. cxd5 Nbxd5 12. Nxd5 Qxd5 13. Ng5 Qd6 14. Rad1 Qb6 15. Bc3 h6 16. Bxf6 hxg5 17. Bxg5 f6 18. Bf4 Kf7 19. Qh7 Qxb2 20. Qh5+ 1-0

[Event "Agneaux St Lo op"]
[Site "Agneaux"]
[Date "2003.07.13"]
[Round "5"]
[White "De la Fontaine, Christophe"]
[Black "Bodenez, Vincent"]
[Result "0-1"]
[WhiteElo "2054"]
[BlackElo "2133"]
[PlyCount "56"]
[EventDate "2003.07.09"]
[EventType "swiss"]
[EventRounds "9"]
[EventCountry "FRA"]
[SourceTitle "CBM 095 Extra"]
[Source "ChessBase"]
[SourceDate "2003.09.04"]
[SourceVersion "1"]
[SourceVersionDate "2003.09.04"]
[SourceQuality "1"]

1. d3 d5 2. Nd2 e5 3. e4 Nf6 4. Ngf3 Nc6 5. g3 dxe4 6. dxe4 Bg4 7. Bg2 Qd7 8. c3 0-0-0 9. 0-0 Nxe4 10. Qa4 Nc5 11. Qa3 e4 12. Nd4 Nd3 13. Qa4 Nxd4 14. Qxa7 Nc6 15. Qa8+ Nb8 16. Nxe4 c6 17. Be3 f5 18. Ba7 Kc7 19. Ng5 h6 20. b4 Bxb4 21. Bxb8+ Rxb8 22. Qa4 Bxc3 23. Rac1 Nxc1 24. Qf4+ Kc8 25. Qxc1 Bd2 26. Qc4 hxg5 27. Bd5 Qxd5 28. Rc1 Bxc1 0-1

[Event "Avoine op 17th"]
[Site "Avoine"]
[Date "2002.07.24"]
[Round "5"]
[White "Vingerhoets, Luc"]
[Black "De la Fontaine, Christophe"]
[Result "1/2-1/2"]
[WhiteElo "2215"]
[BlackElo "2072"]
[PlyCount "31"]
[EventDate "2002.07.20"]
[EventType "swiss"]
[EventRounds "9"]
[EventCountry "FRA"]
[SourceTitle "CBM 089 Extra"]
[Source "ChessBase"]
[SourceDate "2002.09.10"]
[SourceVersion "2"]
[SourceVersionDate "2002.09.10"]
[SourceQuality "1"]

1. e4 d6 2. d4 Nd7 3. Nf3 e5 4. c3 Be7 5. Bc4 Ngf6 6. Bxf7+ Kxf7 7. Ng5+ Kg8 8. Ne6 Qe8 9. Nxc7 Qg6 10. Nxa8 Qxg2 11. Rf1 Qxe4+ 12. Be3 Qc6 13. f4 b6 14. fxe5 dxe5 15. Qb3+ Kf8 16. Nxb6 1/2-1/2